Les 101 Départements les plus riches de France - Statistiques

Statistiques générales
  • Ce quiz a été pris 90 fois
  • Le résultat moyen est 62 sur 101
Statistiques - réponses
Rang Montant moyen (en euros) Département % Correct
01 51 228 € Paris
93%
55 26 003 € Nord
81%
05 33 692 € Ain
79%
94 22 622 € Seine-Saint-Denis
79%
50 26 308 € Loire
78%
03 42 277 € Yvelines
78%
25 28 709 € Bouches-du-Rhône
75%
14 30 118 € Bas-Rhin
74%
38 27 561 € Finistère
74%
04 39 144 € Haute-Savoie
74%
06 32 904 € Rhône
74%
08 32 376 € Haut-Rhin
73%
13 30 226 € Seine-et-Marne
73%
15 30 092 € Savoie
71%
11 30 398 € Alpes-Maritimes
70%
17 29 862 € Gironde
70%
30 28 065 € Morbihan
68%
85 23 739 € Pas-de-Calais
68%
07 32 508 € Val-de-Marne
68%
23 28 866 € Var
68%
87 23 489 € Aisne
67%
83 23 854 € Cantal
67%
48 26 593 € Côtes-d'Armor
67%
100 18 466 € Guadeloupe
67%
99 19 379 € Guyane
67%
10 30 447 € Isère
67%
98 19 775 € La Réunion
66%
97 20 545 € Martinique
66%
35 27 759 € Moselle
66%
20 29 279 € Val-d'Oise
66%
34 27 773 € Jura
64%
31 28 022 € Loiret
64%
24 28 716 € Oise
64%
09 32 139 € Essonne
63%
101 14 510 € Mayotte
63%
78 24 596 € Meuse
63%
33 27 778 € Calvados
62%
65 25 210 € Cher
62%
21 29 278 € Côte-d'Or
62%
96 21 310 € Creuse
62%
02 47 877 € Hauts-de-Seine
62%
45 26 699 € Hérault
62%
60 25 330 € Ardèche
60%
93 22 838 € Aude
60%
73 24 940 € Charente
60%
44 26 761 € Eure
60%
59 25 369 € Gard
60%
12 30 334 € Loire-Atlantique
60%
39 27 515 € Meurthe-et-Moselle
60%
47 26 597 € Seine-Maritime
60%
68 25 128 € Tarn
60%
36 27 732 € Territoire de Belfort
60%
19 29 819 € Doubs
59%
32 28 021 € Eure-et-Loir
59%
91 23 155 € Indre
59%
52 26 110 € Loir-et-Cher
59%
27 28 318 € Vendée
59%
64 25 215 € Alpes-de-Haute-Provence
58%
90 23 220 € Ardennes
58%
40 27 404 € Charente-Maritime
58%
42 27 111 € Drôme
58%
70 25 041 € Gers
58%
72 24 981 € Haute-Corse
58%
18 29 859 € Ille-et-Vilaine
58%
43 27 013 € Landes
58%
28 28 299 € Marne
58%
84 23 804 € Pyrénées-Orientales
58%
74 24 901 € Somme
58%
56 25 651 € Vaucluse
58%
77 24 643 € Vosges
58%
86 23 702 € Allier
56%
95 22 008 € Ariège
56%
58 25 396 € Aube
56%
67 25 151 € Aveyron
56%
57 25 437 € Hautes-Alpes
56%
22 28 897 € Pyrénées-Atlantiques
56%
75 24 733 € Tarn-et-Garonne
56%
26 28 368 € Corse-du-Sud
55%
89 23 301 € Hautes-Pyrénées
55%
29 28 100 € Indre-et-Loire
55%
71 24 994 € Lot
55%
88 23 473 € Lozère
55%
41 27 189 € Puy-de-Dôme
55%
61 25 319 € Vienne
55%
66 25 169 € Haute-Loire
53%
76 24 689 € Haute-Saône
53%
53 26 097 € Sarthe
53%
16 30 089 € Haute-Garonne
52%
82 23 891 € Haute-Marne
52%
62 25 303 € Haute-Vienne
52%
63 25 288 € Corrèze
51%
81 24 005 € Dordogne
51%
49 26 472 € Manche
51%
51 26 246 € Saône-et-Loire
51%
80 24 191 € Lot-et-Garonne
48%
46 26 651 € Mayenne
48%
69 25 095 € Yonne
48%
37 27 665 € Maine-et-Loire
47%
92 23 040 € Nièvre
45%
79 24 337 € Orne
45%
54 26 088 € Deux-Sèvres
38%
Aucun quiz correspondant
Distribution des résultats
% des personnes avec chaque résultat
Percentile par nombre de réponses
Votre historique - résultats
Vous n’avez pas pris ce quiz